000 00687nam a2200289Ia 4500
005 20260324133441.0
008 008 260324s9999 xx 000 0 eng d
020 _a9781003209515
037 _aEBOOK
040 _aCRL
040 _beng
040 _cCRL
041 _2eng
041 _aeng
084 _qCRL
100 _aRon Scapp
_91045862
245 0 _aTeaching Values
245 0 _bCritical Perspectives on Education, Politics, and Culture
260 _bTaylor and Francis
260 _c2003
365 _a
365 _b230
856 _uhttp://www.taylorfrancis.com/books/9781003209515
942 _cEBOOK
999 _c1792176
_d1792176